Zeamsone - jaki to numer - Statystyki

Ogólne statystyki
  • Ten quiz został rozwiązany 90 razy
  • Średni wynik to 7 z 15
Statystyki odpowiedzi
Hint Odpowiedź % Poprawnych
"Ona mówi że będę napadał z gitarą na Turcję" Ballada
78%
"Nie walczymy na galach (co jest), wolę polegać na moich ziomalach i fanach niż na nich zarabiać" 5 influencerek
76%
"Nie mam garnituru — obiecanek na palec z brylantemOświadczam, że się nie oświadczam i świat moim świadkiem" Nie jestem romantyczny
71%
"Parę kaloszy i karabinek chcą mi dać, żebym poszedł zabijać" Nigdy gotowy do walki
67%
"Jeden blok, jeden krok, jeden krąg, jeden joint, jeden skok" Jedna noc
65%
"Ty płaczesz po tej jednej zdradziła Cię nie pierwszy razWięc będą następne a teraz z nami refren tańcz" Kominiarka nike
64%
"Traktuj mnie jak chcesz być traktowany samNie jak króla, nawet jak mam skarb Ani jak żula, kiedy sypie nagle mi się cały świat" Uniwersum
49%
"Nie miałem siedmiu kobiet jak konkurencjaAle dziś nie mam konkurencji tak jak moja jedna" 10 (morning sun)
40%
"Dziś nie pomoże nam Lester, bo to nie GTA V" What a time to be alive
35%
"Ona nie ma plików ciągle o to pytaPrawdziwy biznesman nie gada o plikach" Dior
29%
"Nie lubię złych dziewczynNie będę ich pierwszym Możesz mnie wyręczyć" Moje serce jest na bloku
27%
"Ona na wpół rozebrana tu,Kiedy chce więcej niż nazwisko" Od Tej Pory
27%
"Kiedyś postawie trzy domy posadzę trzy drzewaI ci gwarantuje że nie będzie żaden z nich twój" Samoloty
27%
"Jedna z drugą ślini się na widok mej kulturyMoże miała piękne ciało, ale chyba mały umysł" Hoodie
25%
"Gdzie są pieniądze i mafia? Pytasz gdzie zdrowie i czas na?Ciebie, jak zrobisz się ważna, w twojej głowię tylko monetyzacja" Królowe
24%
Nie znaleziono quizów pasujących do podanych kryteriów
Rozkład punktacji
Procent ludzi z każdym wynikiem
Percentyl według liczby udzielonych odpowiedzi
Twoja historia wyników
Nie rozwiązałeś tego quizu